00990nam a2200277 i 4500001001000000003000900010005001700019007000300036008004100039040003000080041000800110082002600118100004800144245008200192250002100274264004300295300004500338336002700383337003300410338002900443590002600472700005000498942001400548952013300562999001700695000039315DO-SdBNP20250911142536.0ta140407s1990 dr a r 000 0 spa d aDO-SdBNPbspacBNPHUerda aspa 4axxxxbA561p, 19902221 aAndrés, Mateo,d1921-eautor4aut.96550710aPuedo ser otro ... y feliz /cMateo Andrés ; prólogo, Fco. José Arnaiz. aCuarta edición 1aSanto Domingo :bEdiciones MSC,c1990. a175 páginas :bilustraciones ;c22 cm. atextobtxt2rdacontent asin mediaciónbn2rdamedia avolumenbnc2rdacarrrier aInventariado, 2025/BT1 aArnaiz, Fco. José,eprologuista4pr.946314 2ddccLBS1 00102ddc51708PDaBNPHUbBNPHUcCTd2013-06-21l0oBNPHU PD A561p, 1990p39315-10r2020-06-25w2020-06-25yLBS1ZNo se presta c38805d38805